Top 15 (VRAIS) Youtubeurs Français - Statistiques

Statistiques générales
  • Ce quiz a été pris 6 661 fois
  • Le résultat moyen est 8 sur 15
Statistiques - réponses
Hint Réponse % Correct
18,7M Squeezie
98%
14,5M Cyprien
90%
9,28M Michou
89%
7,11M Inoxtag
87%
5,9M Joyca
81%
14,6M Tibo InShape
75%
8,37M Amixem
70%
7,26M Mcfly et Carlito
54%
5,52M Furious Jumper
39%
6,3M Mister V
38%
5,85M Mastu
29%
6,4M Swan et Néo
19%
5,53M Kevin Tran
18%
7,41M Rémi GAILLARD
18%
5,47M Seb
12%
Aucun quiz correspondant
Distribution des résultats
% des personnes avec chaque résultat
Percentile par nombre de réponses
Votre historique - résultats
Vous n’avez pas pris ce quiz